000 00721cab a2200229 4500
001 WB3409-33
008 090401t1998 xxu||||| |||| 00| 0 eng d
035 _a(Sirsi) u84659
041 _aeng
245 _aSpring set for rent review war
260 _c1998
350 _a0
490 _aFarmers' Weekly
_v128(9) 27 february 1998, 23(1)
520 _aAgricultural landlords and tenants look set to be at loggerheads this Spring as to whether estate rental levels should rise or fall.
650 _aAGRICULTURAL RENTS
650 _aCROWN ESTATE
650 _aRENTAL LEVELS
650 _aTENANT FARMERS ASSOCIATION
690 _aLANDLORD AND TENANT-AGRICULTURAL TENANCIES
942 _n0
948 _c04/03/1998
999 _c53226
_d53226